Central Library OPAC University of Rajshahi

A history of American biography, 1800-1935 / (Record no. 23945)

MARC details
000 -LEADER
fixed length control field 00844cam a2200265 4500
001 - CONTROL NUMBER
control field 23945
003 - CONTROL NUMBER IDENTIFIER
rucl marc code BD-RjUL
005 - DATE AND TIME OF LATEST TRANSACTION
control field 20211209001005.0
008 - FIXED-LENGTH DATA ELEMENTS--GENERAL INFORMATION
fixed length control field 140312r19681935nyu b 001 0 eng d
035 ## - SYSTEM CONTROL NUMBER
System control number (BD-RjUL)24010
040 ## - CATALOGING SOURCE
Original cataloging agency DLC
Transcribing agency DLC
Modifying agency BD-RjUL
Language of cataloging eng
041 ## - LANGUAGE CODE
Language code of text/sound track or separate title eng
082 00 - DEWEY DECIMAL CLASSIFICATION NUMBER
Classification number 920.009714
Author mark and year ONH 1968
100 1# - MAIN ENTRY--PERSONAL NAME
Personal name O'Neill, Edward Hayes,
Dates associated with a name 1898-
9 (RLIN) 73726
245 12 - TITLE STATEMENT
Title A history of American biography, 1800-1935 /
Statement of responsibility, etc. by Edward H. O'Neill.
260 ## - PUBLICATION, DISTRIBUTION, ETC. (IMPRINT)
Place of publication, distribution, etc. New York :
Name of publisher, distributor, etc. Russell & Russell,
Date of publication, distribution, etc. 1935 [Reissued 1968].
300 ## - PHYSICAL DESCRIPTION
Pagination ix, 436 p. ;
Size 23 cm.
500 ## - GENERAL NOTE
General note Reprint of the 1935 ed.
504 ## - BIBLIOGRAPHY, ETC. NOTE
Bibliography, etc Bibliography: p. 369-426 and index.
650 #0 - SUBJECT ADDED ENTRY--TOPICAL TERM
Topical term or geographic name as entry element Biography as a literary form.
9 (RLIN) 34705
Topical term or geographic name as entry element American literature
General subdivision History and criticism.
9 (RLIN) 73727
942 ## - ADDED ENTRY ELEMENTS (KOHA)
Source of classification or shelving scheme Dewey Decimal Classification
Koha item type Books
Holdings
Lost status Source of classification or shelving scheme Damaged status Not for loan Collection code Permanent Location Current Location Shelving location Date acquired Source of acquisition Cost, normal purchase price Total Checkouts Full call number Date last seen Copy number Koha item type
  Dewey Decimal Classification     Non-fiction Central Library, University of Rajshahi Central Library, University of Rajshahi   22/07/1994 Gratis 0.00   920.009714 ONH 1968 12/03/2014 C-4 Books
  Dewey Decimal Classification   Added to bundle Non-fiction Central Library, University of Rajshahi Central Library, University of Rajshahi Reading Room 04/12/1985 Asia Foundation, Gift.     920.009714 ONH 1968 12/03/2014 C-1 Books
  Dewey Decimal Classification     Non-fiction Central Library, University of Rajshahi Central Library, University of Rajshahi   21/06/1989 Asia foundation     920.009714 ONH 1968 13/03/2014 C-2 Books
  Dewey Decimal Classification     Non-fiction Central Library, University of Rajshahi Central Library, University of Rajshahi   21/06/1989 Gift     920.009714 ONH 1968 15/03/2014 C-3 Books